[Event "SG Muehlhof-R'dorf/Schw. 1-SC NT Nuernb"]
[Site "?"]
[Date "2015.02.08"]
[Round "6.1"]
[White "Haubold, Martin"]
[Black "Ahmels, Christian"]
[Result "0-1"]
[WhiteElo "2017"]
[BlackElo "2050"]
[PlyCount "114"]
[EventDate "2015.??.??"]
[WhiteTeam "SC NT Nürnberg 4"]
[BlackTeam "SG Mühlhof-R'dorf/Schw. 1"]

1. Nf3 f5 2. b3 d6 3. d4 Nf6 4. g3 e6 5. Bg2 Be7 6. O-O O-O 7. Bb2 Qe8 8. Nbd2
Qh5 9. Re1 g5 10. Nf1 Nbd7 11. N3d2 d5 12. f3 c5 13. e4 Rf7 14. e5 Ne8 15. c4
Nb6 16. Ne3 f4 17. g4 Qg6 18. Nc2 dxc4 19. bxc4 Na4 20. Rb1 Nxb2 21. Rxb2 cxd4
22. Ne4 b6 23. Qxd4 Bb7 24. Kh1 Rd8 25. Qc3 Bf8 26. Nd4 Rfd7 27. Rd2 Bg7 28.
Nxg5 Rxd4 29. Rxd4 Qxg5 30. Qd3 Rxd4 31. Qxd4 Bc6 32. c5 b5 33. a3 Bd5 34. a4
a6 35. axb5 axb5 36. Qb2 Nc7 37. Qd4 h6 38. Kg1 Bf8 39. Rc1 Bc4 40. Bf1 Na6 41.
Bxc4 bxc4 42. c6 Bc5 43. Qxc5 Nxc5 44. c7 Qxe5 45. c8=Q+ Kf7 46. Rf1 c3 47. Rf2
Qe3 48. Qc7+ Kg6 49. h4 c2 50. h5+ Kf6 51. Qd8+ Ke5 52. Qb8+ Kd5 53. Qa8+ Kd6
54. Qb8+ Kc6 55. Qe8+ Kb6 56. Qd8+ Kb5 57. Kg2 c1=Q 0-1

[Event "SG Muehlhof-R'dorf/Schw. 1-SC NT Nuernb"]
[Site "?"]
[Date "2015.02.08"]
[Round "6.2"]
[White "Greul, Hans"]
[Black "Maettig, Stefan"]
[Result "1-0"]
[WhiteElo "1996"]
[BlackElo "1925"]
[PlyCount "73"]
[EventDate "2015.??.??"]
[WhiteTeam "SG Mühlhof-R'dorf/Schw. 1"]
[BlackTeam "SC NT Nürnberg 4"]

1. d4 Nf6 2. Nf3 d6 3. e3 g6 4. c4 Bg7 5. Be2 O-O 6. Nc3 Nc6 7. O-O e5 8. dxe5
dxe5 9. Qc2 Qe7 10. Nd5 Nxd5 11. cxd5 Nb8 12. e4 c6 13. Be3 cxd5 14. exd5 b6
15. Rfd1 Bf5 16. Qb3 Rc8 17. Rac1 Nd7 18. d6 Qe8 19. Bc4 h6 20. Bb5 Rxc1 21.
Rxc1 Rc8 22. Rc7 Bf8 23. Qc3 Rd8 24. Qd2 Qe6 25. Rxa7 Bxd6 26. Bxh6 Nc5 27. Qc3
Bb8 28. Ra8 Rd1+ 29. Bf1 Qd6 30. Nxe5 Kh7 31. Nf3 f6 32. Rxb8 Qxb8 33. Qxf6
Kxh6 34. Ne5 Qg8 35. g4 Bxg4 36. Nxg4+ Kh7 37. Qf3 1-0

[Event "SG Muehlhof-R'dorf/Schw. 1-SC NT Nuernb"]
[Site "?"]
[Date "2015.02.08"]
[Round "6.3"]
[White "Lutzky, Manfred"]
[Black "Mehwald, Thomas"]
[Result "1/2-1/2"]
[WhiteElo "1890"]
[BlackElo "1947"]
[PlyCount "39"]
[EventDate "2015.??.??"]
[WhiteTeam "SC NT Nürnberg 4"]
[BlackTeam "SG Mühlhof-R'dorf/Schw. 1"]

1. e4 c5 2. c3 d5 3. exd5 Qxd5 4. d4 Nf6 5. Nf3 Bg4 6. Be2 e6 7. O-O Be7 8. h3
Bh5 9. Qa4+ Nc6 10. Rd1 O-O 11. c4 Qd6 12. g4 Bg6 13. Be3 cxd4 14. Nxd4 Qb4 15.
Qxb4 Nxb4 16. a3 Nc2 17. Nxc2 Bxc2 18. Rc1 Ba4 19. Nc3 Bc6 20. b4 1/2-1/2

[Event "SG Muehlhof-R'dorf/Schw. 1-SC NT Nuernb"]
[Site "?"]
[Date "2015.02.08"]
[Round "6.4"]
[White "Reuter, Roland"]
[Black "Junk, Philipp"]
[Result "1-0"]
[WhiteElo "1934"]
[BlackElo "1831"]
[PlyCount "57"]
[EventDate "2015.??.??"]
[WhiteTeam "SG Mühlhof-R'dorf/Schw. 1"]
[BlackTeam "SC NT Nürnberg 4"]

1. c4 c5 2. Nf3 Nf6 3. g3 b6 4. Bg2 Bb7 5. d3 e6 6. Nc3 Be7 7. O-O O-O 8. Bf4
a6 9. e4 d6 10. Re1 Nbd7 11. Qe2 Qc7 12. a3 Ne5 13. Bxe5 dxe5 14. Bh3 Rad8 15.
Rad1 Nd7 16. Qe3 Nb8 17. Rf1 Nc6 18. Ne2 Rd6 19. Qc1 Rfd8 20. Ne1 Nd4 21. Nxd4
Rxd4 22. Bg2 Qd7 23. Nf3 Rxd3 24. Rxd3 Qxd3 25. Nxe5 Qd2 26. Qxd2 Rxd2 27. Rb1
Bf6 28. Ng4 Rxb2 29. Nxf6+ 1-0

[Event "SG Muehlhof-R'dorf/Schw. 1-SC NT Nuernb"]
[Site "?"]
[Date "2015.02.08"]
[Round "6.5"]
[White "Rabenstein, Christian"]
[Black "Leis, Stefan"]
[Result "0-1"]
[WhiteElo "1727"]
[BlackElo "1888"]
[PlyCount "96"]
[EventDate "2015.??.??"]
[WhiteTeam "SC NT Nürnberg 4"]
[BlackTeam "SG Mühlhof-R'dorf/Schw. 1"]

1. c4 Nf6 2. Nc3 e5 3. g3 Nc6 4. Bg2 Bb4 5. Nf3 O-O 6. Nd5 Bc5 7. d3 h6 8. O-O
d6 9. a3 a5 10. Ne1 Nxd5 11. cxd5 Nb8 12. Bd2 Qe8 13. b4 Bb6 14. Nc2 f5 15. e3
e4 16. d4 a4 17. f3 Nd7 18. fxe4 fxe4 19. Rxf8+ Kxf8 20. Qe2 Nf6 21. Rf1 Kg8
22. Rf4 Bd7 23. Qf2 Qe7 24. Qf1 Rf8 25. Bh3 g6 26. Bxd7 Nxd7 27. Qh3 Rxf4 28.
gxf4 Kg7 29. Be1 Qf7 30. Bh4 Nf8 31. Qc8 Qd7 32. Qxd7+ Nxd7 33. b5 Ba5 34. Be1
Kf7 35. Kf1 Ke8 36. Bh4 Nb6 37. Bf6 Kf7 38. Bd8 Nxd5 39. Ke2 Nc3+ 40. Kf2 Nxb5
41. d5 Bc3 42. Kg3 Bf6 43. Bxf6 Kxf6 44. h4 Nc3 45. Nb4 Nb1 46. Nc2 Nd2 47. Kg4
h5+ 48. Kg3 Nc4 0-1

[Event "SG Muehlhof-R'dorf/Schw. 1-SC NT Nuernb"]
[Site "?"]
[Date "2015.02.08"]
[Round "6.6"]
[White "Proeschel, Gerhard"]
[Black "Kost, Andreas"]
[Result "1-0"]
[WhiteElo "1825"]
[BlackElo "1474"]
[PlyCount "133"]
[EventDate "2015.??.??"]
[WhiteTeam "SG Mühlhof-R'dorf/Schw. 1"]
[BlackTeam "SC NT Nürnberg 4"]

1. d4 Nf6 2. c4 c5 3. d5 e6 4. Nc3 exd5 5. cxd5 d6 6. e4 g6 7. Be2 Bg7 8. Nf3
O-O 9. O-O Re8 10. Qc2 a6 11. a4 Nbd7 12. Bf4 Ne5 13. Nxe5 dxe5 14. Be3 Qd6 15.
Nb1 Bd7 16. Rc1 Rac8 17. Nd2 Bf8 18. Nc4 Qb8 19. Nb6 Qc7 20. Nxc8 Rxc8 21. f3
Ne8 22. Qc3 b5 23. axb5 axb5 24. Qa5 c4 25. Qxc7 Rxc7 26. Ra7 Rxa7 27. Bxa7 Nd6
28. Bb8 f6 29. Ra1 Nb7 30. Kf1 Bb4 31. Ra7 Nc5 32. Bd6 Be8 33. Re7 Bf7 34. Rc7
Na6 35. Rc8+ Kg7 36. Bxb4 Nxb4 37. Rb8 c3 38. bxc3 Na2 39. c4 bxc4 40. Bxc4 Nc3
41. Rb7 Kf8 42. Ke1 Na4 43. Rb8+ Ke7 44. d6+ Kxd6 45. Bxf7 Nc5 46. Rh8 Nd3+ 47.
Kd2 Nf4 48. g3 Nh3 49. Ke3 Ng5 50. Bc4 f5 51. h4 Nh3 52. Rxh7 f4+ 53. gxf4 Nxf4
54. Bf7 Ng2+ 55. Kf2 Nf4 56. Bxg6 Ke6 57. Bf5+ Kf6 58. Kg3 Ne2+ 59. Kg4 Nd4 60.
Rh6+ Kg7 61. Rb6 Nc2 62. Kg5 Nd4 63. Rb7+ Kh8 64. Kg6 Nc6 65. Rc7 Nd8 66. Rc8
Kg8 67. Rxd8# 1-0

[Event "SG Muehlhof-R'dorf/Schw. 1-SC NT Nuernb"]
[Site "?"]
[Date "2015.02.08"]
[Round "6.7"]
[White "Hoffmann, Sebastian"]
[Black "Hetzner, Helmut"]
[Result "0-1"]
[WhiteElo "1786"]
[BlackElo "1859"]
[PlyCount "58"]
[EventDate "2015.??.??"]
[WhiteTeam "SC NT Nürnberg 4"]
[BlackTeam "SG Mühlhof-R'dorf/Schw. 1"]

1. e4 e6 2. Nf3 d5 3. Nc3 Nf6 4. e5 Ne4 5. d3 Nxc3 6. bxc3 c5 7. d4 Be7 8. dxc5
Nc6 9. Bb5 O-O 10. Be3 Qa5 11. Bd3 Qxc3+ 12. Bd2 Qxc5 13. Ng5 Bxg5 14. f4 Bh6
15. Qh5 f5 16. exf6 Rxf6 17. g4 Bxf4 18. Bxf4 Rxf4 19. Qxh7+ Kf8 20. Qh8+ Kf7
21. Rf1 Qe3+ 22. Kd1 Rxf1+ 23. Bxf1 Qd4+ 24. Bd3 Qxa1+ 25. Kd2 Qf6 26. h4 Qf4+
27. Ke1 Qxg4 28. h5 Ne5 29. Bb5 Qb4+ 0-1

[Event "SG Muehlhof-R'dorf/Schw. 1-SC NT Nuernb"]
[Site "?"]
[Date "2015.02.08"]
[Round "6.8"]
[White "Wirth, Karl-Heinz"]
[Black "Faralisz, Patrick"]
[Result "0-1"]
[WhiteElo "1758"]
[BlackElo "1687"]
[PlyCount "89"]
[EventDate "2015.??.??"]
[WhiteTeam "SG Mühlhof-R'dorf/Schw. 1"]
[BlackTeam "SC NT Nürnberg 4"]

1. e4 c5 2. b4 cxb4 3. a3 d5 4. exd5 Qxd5 5. Nf3 e5 6. c4 Qe6 7. Bb2 Nc6 8. Be2
Nf6 9. O-O Be7 10. axb4 Bxb4 11. Na3 O-O 12. Nb5 Qe7 13. Qc2 Bg4 14. h3 Bh5 15.
d4 Bg6 16. Qb3 exd4 17. Nbxd4 Nxd4 18. Nxd4 Bc5 19. Bf3 Rab8 20. Rfe1 Qc7 21.
Re2 Qb6 22. Qxb6 Bxb6 23. Rc1 Nd7 24. Nb3 Nc5 25. Nxc5 Bxc5 26. Be5 Rbe8 27.
Bg3 Rxe2 28. Bxe2 Re8 29. Kf1 b6 30. Bf3 Bd3+ 31. Kg1 Be4 32. Bxe4 Rxe4 33. Kf1
Kf8 34. f3 Re6 35. Ra1 a5 36. Bf2 Bxf2 37. Kxf2 Rc6 38. Ra4 Ke7 39. Ke3 Kd6 40.
Kd4 Rc7 41. g3 Kc6 42. f4 Rd7+ 43. Kc3 Kc5 44. h4 Rd4 45. h5 0-1

[Event "SK Neumarkt 1-SC Forchheim 3"]
[Site "?"]
[Date "2015.02.08"]
[Round "6.1"]
[White "Wichmann, Adrian"]
[Black "Beesk, Kevin"]
[Result "1-0"]
[WhiteElo "1931"]
[BlackElo "1992"]
[PlyCount "89"]
[EventDate "2015.??.??"]
[WhiteTeam "SC Forchheim 3"]
[BlackTeam "SK Neumarkt 1"]

1. e4 c5 2. Nf3 e6 3. d4 cxd4 4. Nxd4 Nc6 5. Nc3 Qc7 6. Be3 a6 7. f3 h5 8. Qd2
Nf6 9. Be2 b5 10. O-O-O Be7 11. Rdg1 d6 12. g3 Bb7 13. h3 Rc8 14. g4 Nxd4 15.
Bxd4 e5 16. Be3 d5 17. exd5 Nxd5 18. Nxd5 Bxd5 19. Kb1 Qc6 20. gxh5 Bxf3 21.
Bxf3 Qxf3 22. h6 gxh6 23. Bxh6 Rd8 24. Qc1 Qh5 25. Be3 f5 26. Bg5 f4 27. Bxe7
Kxe7 28. Qe1 Kf6 29. Qe4 Rd6 30. a3 Rhd8 31. h4 Rd1+ 32. Ka2 Qf7+ 33. b3 R8d4
34. Qc6+ Rd6 35. Qc8 R1d2 36. Rg5 Qh7 37. Qf8+ Ke6 38. Qe8+ Kd5 39. Qxe5+ Kc6
40. Qc3+ Kb6 41. Rc5 Qe4 42. Rc8 Rd7 43. Rg1 Qd5 44. Rg6+ Kb7 45. Rgc6 1-0

[Event "SK Neumarkt 1-SC Forchheim 3"]
[Site "?"]
[Date "2015.02.08"]
[Round "6.2"]
[White "Simon, Martin"]
[Black "Neth, Tobias"]
[Result "1-0"]
[WhiteElo "1926"]
[BlackElo "1883"]
[PlyCount "51"]
[EventDate "2015.??.??"]
[WhiteTeam "SK Neumarkt 1"]
[BlackTeam "SC Forchheim 3"]

1. e4 e5 2. Nf3 Nc6 3. d4 exd4 4. Bc4 d6 5. c3 Ne5 6. Qxd4 Qf6 7. Nbd2 Ne7 8.
Nxe5 dxe5 9. Qc5 c6 10. Qe3 Ng6 11. O-O Nf4 12. Kh1 b5 13. Bb3 Bd6 14. a4 Bc7
15. g3 Nh3 16. Qe2 O-O 17. axb5 cxb5 18. Bd5 Rb8 19. Nb3 Bb6 20. Be3 a6 21. Nc5
a5 22. f4 Qd6 23. Qxb5 Bg4 24. fxe5 Qxe5 25. Nd7 Bxd7 26. Bxf7+ 1-0

[Event "SK Neumarkt 1-SC Forchheim 3"]
[Site "?"]
[Date "2015.02.08"]
[Round "6.3"]
[White "Balle, Alfred"]
[Black "Bothe, Matthias"]
[Result "1-0"]
[WhiteElo "1851"]
[BlackElo "1823"]
[PlyCount "70"]
[EventDate "2015.??.??"]
[WhiteTeam "SC Forchheim 3"]
[BlackTeam "SK Neumarkt 1"]

1. e4 e6 2. d4 d5 3. Nd2 Nf6 4. e5 Nfd7 5. Bd3 c5 6. c3 b6 7. Ne2 Ba6 8. Nf3
Be7 9. O-O Bxd3 10. Qxd3 c4 11. Qc2 Nc6 12. Be3 h6 13. Rae1 Qc7 14. Nf4 O-O-O
15. b3 g5 16. Ne2 cxb3 17. axb3 f5 18. exf6 Bxf6 19. c4 g4 20. Nd2 Nb4 21. Qb1
Kb7 22. Rc1 Qd6 23. Qa1 e5 24. Qa3 exd4 25. Nxd4 a5 26. Nf5 Qc6 27. Nd4 Bxd4
28. Bxd4 Rhe8 29. Be3 Ne5 30. cxd5 Qxd5 31. Nc4 Nxc4 32. bxc4 Qd3 33. Qb2 Qf5
34. c5 b5 35. c6+ Kc8 1-0

[Event "SK Neumarkt 1-SC Forchheim 3"]
[Site "?"]
[Date "2015.02.08"]
[Round "6.4"]
[White "Kipferl, Wolfgang"]
[Black "Walter, Eugen"]
[Result "1/2-1/2"]
[WhiteElo "1861"]
[BlackElo "1792"]
[PlyCount "85"]
[EventDate "2015.??.??"]
[WhiteTeam "SK Neumarkt 1"]
[BlackTeam "SC Forchheim 3"]

1. d4 f5 2. Nf3 d6 3. c4 g6 4. Nc3 Bg7 5. e4 c6 6. Bd3 fxe4 7. Bxe4 Nf6 8. Bc2
O-O 9. h3 Qa5 10. Bd2 Qh5 11. Qe2 Bg4 12. O-O-O Bxf3 13. gxf3 e5 14. dxe5 dxe5
15. Qe3 Nbd7 16. Rdg1 Rf7 17. h4 Ne8 18. Rh3 Nf8 19. Rg5 Bh6 20. Rxh5 Bxe3 21.
Rxe5 Bxf2 22. h5 Nf6 23. hxg6 Nxg6 24. Rg5 Kg7 25. Rg2 Bd4 26. Bh6+ Kh8 27.
Bxg6 hxg6 28. Rxg6 Nh7 29. Ne4 Rg8 30. Rd6 Rg1+ 31. Kc2 Rg2+ 32. Bd2 Be5 33.
Rd8+ Kg7 34. Kd3 Nf8 35. Bh6+ Kg8 36. Nc5 Bxb2 37. Bxf8 Rxf8 38. Rxf8+ Kxf8 39.
Nxb7 Ba3 40. Nd8 c5 41. Rh7 a5 42. Ne6+ Ke8 43. f4 1/2-1/2

[Event "SK Neumarkt 1-SC Forchheim 3"]
[Site "?"]
[Date "2015.02.08"]
[Round "6.5"]
[White "Heinkelmann, Josef"]
[Black "Brunner, Wolfgang"]
[Result "1/2-1/2"]
[WhiteElo "1864"]
[BlackElo "1900"]
[PlyCount "49"]
[EventDate "2015.??.??"]
[WhiteTeam "SC Forchheim 3"]
[BlackTeam "SK Neumarkt 1"]

1. c4 Nf6 2. Nc3 e6 3. e4 d5 4. e5 d4 5. exf6 dxc3 6. bxc3 Qxf6 7. Nf3 Bd6 8.
d4 h6 9. Bd3 Nd7 10. O-O O-O 11. Re1 b6 12. Be4 Rb8 13. Bc6 Rd8 14. Qa4 a6 15.
Rb1 e5 16. Bd2 exd4 17. cxd4 Nf8 18. Bc3 Bg4 19. Ne5 Bxe5 20. dxe5 Qg6 21. Bd5
Bf5 22. Rbc1 b5 23. Qa5 c6 24. Bf3 Rd3 25. Be2 1/2-1/2

[Event "SK Neumarkt 1-SC Forchheim 3"]
[Site "?"]
[Date "2015.02.08"]
[Round "6.6"]
[White "Niebler, Andreas"]
[Black "Radeck, Jochen"]
[Result "0-1"]
[WhiteElo "1801"]
[BlackElo "1766"]
[PlyCount "54"]
[EventDate "2015.??.??"]
[WhiteTeam "SK Neumarkt 1"]
[BlackTeam "SC Forchheim 3"]

1. d4 Nf6 2. c4 g6 3. Nc3 Bg7 4. e4 d6 5. f3 O-O 6. Be3 Nc6 7. Qd2 e5 8. Nge2
exd4 9. Nxd4 Nxd4 10. Bxd4 Bd7 11. O-O-O a6 12. h4 Rb8 13. Be2 Qe7 14. g4 b5
15. h5 b4 16. Nb1 a5 17. hxg6 fxg6 18. Rdg1 Be6 19. Qg5 Qf7 20. Nd2 Nxe4 21.
fxe4 Bxd4 22. Rf1 Qg7 23. e5 Bxe5 24. Bd3 Bxb2+ 25. Kd1 Qd4 26. Bxg6 Qxg4+ 27.
Kc2 Qxg5 0-1

[Event "SK Neumarkt 1-SC Forchheim 3"]
[Site "?"]
[Date "2015.02.08"]
[Round "6.7"]
[White "Gagel, Roland"]
[Black "Junker, Christian"]
[Result "1/2-1/2"]
[WhiteElo "1780"]
[BlackElo "1649"]
[PlyCount "35"]
[EventDate "2015.??.??"]
[WhiteTeam "SC Forchheim 3"]
[BlackTeam "SK Neumarkt 1"]

1. d4 Nf6 2. f4 d5 3. e3 Bf5 4. Bd3 Qd7 5. Nf3 Nc6 6. c3 Ne4 7. Qc2 Nd6 8. Ne5
Bxd3 9. Qxd3 Qf5 10. Qxf5 Nxf5 11. g4 Nd6 12. Nd2 f6 13. Nef3 g6 14. b3 Bg7 15.
Bb2 e5 16. O-O-O exd4 17. exd4 O-O-O 18. Rde1 1/2-1/2

[Event "SK Neumarkt 1-SC Forchheim 3"]
[Site "?"]
[Date "2015.02.08"]
[Round "6.8"]
[White "Muenz, Benedikt"]
[Black "Schwab, Edgar"]
[Result "1/2-1/2"]
[WhiteElo "1626"]
[BlackElo "1786"]
[PlyCount "61"]
[EventDate "2015.??.??"]
[WhiteTeam "SK Neumarkt 1"]
[BlackTeam "SC Forchheim 3"]

1. e4 e5 2. Nf3 Nc6 3. Bb5 a6 4. Bxc6 dxc6 5. d3 Bd6 6. O-O Bg4 7. h3 Bh5 8.
Be3 Ne7 9. c4 c5 10. b4 b6 11. bxc5 bxc5 12. Qa4+ Qd7 13. Qxd7+ Kxd7 14. g4 Bg6
15. Nc3 Nc6 16. Rfc1 f6 17. Rab1 h5 18. Kg2 Bf7 19. Na4 Nd4 20. Bxd4 exd4 21.
Rh1 Rab8 22. Nd2 hxg4 23. hxg4 Rxh1 24. Kxh1 Rxb1+ 25. Nxb1 Be6 26. f3 g6 27.
Nd2 Kc6 28. Nb3 f5 29. gxf5 gxf5 30. Na5+ Kd7 31. Nb3 1/2-1/2

[Event "SV Lauf 1-SG Bubenr./Moehrendf. 1"]
[Site "?"]
[Date "2015.02.08"]
[Round "6.1"]
[White "Handl, Johannes"]
[Black "Hanisch, Friedrich"]
[Result "1/2-1/2"]
[WhiteElo "1882"]
[BlackElo "1987"]
[PlyCount "86"]
[EventDate "2015.??.??"]
[WhiteTeam "SG Bubenr./Möhrendf. 1"]
[BlackTeam "SV Lauf 1"]

1. e4 c6 2. d4 d5 3. Nc3 dxe4 4. Nxe4 Bf5 5. Ng3 Bg6 6. Nf3 Nd7 7. h4 h6 8. h5
Bh7 9. Bd3 Bxd3 10. Qxd3 e6 11. Bf4 Qa5+ 12. Bd2 Qc7 13. O-O-O Ngf6 14. c4 b5
15. Kb1 bxc4 16. Qxc4 Bd6 17. Rc1 Rc8 18. Rhe1 O-O 19. Ne4 Nxe4 20. Rxe4 Nf6
21. Rh4 Rfd8 22. Qa4 Qb7 23. Ba5 Rb8 24. b3 Rdc8 25. Bc3 Nd5 26. Bb2 Bb4 27.
Ne5 Be7 28. Rhh1 c5 29. Nd7 Nb6 30. Nxb6 axb6 31. dxc5 Rxc5 32. Rxc5 bxc5 33.
Qg4 Bf8 34. Rh3 Qb4 35. Qe2 Rd8 36. Bc3 Qf4 37. Rg3 Qf5+ 38. Kb2 Rd5 39. Rh3
Rd8 40. Rg3 Rd1 41. Qxd1 Qxf2+ 42. Qd2 Qxg3 43. Qe2 Qd6 1/2-1/2

[Event "SV Lauf 1-SG Bubenr./Moehrendf. 1"]
[Site "?"]
[Date "2015.02.08"]
[Round "6.2"]
[White "Leopold, Christian"]
[Black "Kretschmer, Lorenz"]
[Result "1/2-1/2"]
[WhiteElo "1962"]
[BlackElo "1925"]
[PlyCount "92"]
[EventDate "2015.??.??"]
[WhiteTeam "SV Lauf 1"]
[BlackTeam "SG Bubenr./Möhrendf. 1"]

1. e4 c5 2. Nc3 d6 3. g3 Nc6 4. Bg2 g6 5. d3 Bg7 6. Be3 e6 7. Qd2 Rb8 8. Nge2
Nd4 9. O-O h6 10. Nc1 Ne7 11. Nd1 e5 12. f4 f5 13. c3 Ne6 14. fxe5 dxe5 15. Nb3
b6 16. Bh3 Ng5 17. Bg2 c4 18. dxc4 Be6 19. Qxd8+ Rxd8 20. c5 bxc5 21. Bxc5 Bc4
22. Re1 f4 23. Nf2 Nc6 24. Red1 Kf7 25. gxf4 exf4 26. Nd4 Ne5 27. b3 f3 28. Bf1
Bxf1 29. Kxf1 a6 30. Nc2 h5 31. Bd4 Ng4 32. Kg1 Nxf2 33. Kxf2 Nxe4+ 34. Kxf3
Ng5+ 35. Kg2 Rhe8 36. Rf1+ Kg8 37. Rae1 Ne4 38. Bxg7 Kxg7 39. Nd4 Kh6 40. Rf3
Nc5 41. Rfe3 Rf8 42. R1e2 Rd5 43. Rf3 Rc8 44. Re7 Rg5+ 45. Kf2 Rg4 46. Ne2 Ne4+
1/2-1/2

[Event "SV Lauf 1-SG Bubenr./Moehrendf. 1"]
[Site "?"]
[Date "2015.02.08"]
[Round "6.3"]
[White "Kramer, Manuel"]
[Black "Rausch, Wolfgang jr"]
[Result "1/2-1/2"]
[WhiteElo "1861"]
[BlackElo "2017"]
[PlyCount "67"]
[EventDate "2015.??.??"]
[WhiteTeam "SG Bubenr./Möhrendf. 1"]
[BlackTeam "SV Lauf 1"]

1. d4 d5 2. Nf3 e6 3. c4 Be7 4. Nc3 Nf6 5. e3 O-O 6. Bd3 b6 7. O-O Bb7 8. cxd5
exd5 9. Ne5 Nbd7 10. f4 Ne4 11. Nxe4 dxe4 12. Bc4 Nxe5 13. fxe5 Bd5 14. Qb3 c6
15. Bd2 Qd7 16. Rac1 f6 17. exf6 Rxf6 18. Rxf6 Bxf6 19. Bxd5+ cxd5 20. Be1 Rf8
21. Bb4 Rd8 22. Qc2 Bg5 23. Bd2 Qg4 24. Qd1 Qxd1+ 25. Rxd1 Rc8 26. Rc1 Rxc1+
27. Bxc1 Kf7 28. Kf2 Ke6 29. a4 a6 30. Bd2 Be7 31. Kg3 Bd6+ 32. Kg4 Kf6 33. h4
g6 34. h5 1/2-1/2

[Event "SV Lauf 1-SG Bubenr./Moehrendf. 1"]
[Site "?"]
[Date "2015.02.08"]
[Round "6.4"]
[White "Fiedler, Lars"]
[Black "Welsch, Andreas"]
[Result "1-0"]
[WhiteElo "2057"]
[BlackElo "1789"]
[PlyCount "107"]
[EventDate "2015.??.??"]
[WhiteTeam "SV Lauf 1"]
[BlackTeam "SG Bubenr./Möhrendf. 1"]

1. e4 c5 2. Nc3 Nc6 3. f4 g6 4. Nf3 Bg7 5. Bb5 Nd4 6. O-O a6 7. Bc4 e6 8. a4
Ne7 9. Nxd4 Bxd4+ 10. Kh1 O-O 11. d3 d5 12. Bb3 Bg7 13. Qf3 b6 14. Ne2 Bb7 15.
c3 b5 16. Be3 c4 17. Bc2 cxd3 18. Bxd3 dxe4 19. Bxe4 Bxe4 20. Qxe4 Qd5 21. Qxd5
Nxd5 22. Bd4 Rfc8 23. axb5 axb5 24. Rxa8 Rxa8 25. g3 Ra2 26. Rb1 Kf8 27. Bxg7+
Kxg7 28. Nd4 Nc7 29. Kg2 Kf6 30. Kf3 e5 31. fxe5+ Kxe5 32. Nc6+ Kd6 33. Nb4 Ra8
34. Rd1+ Ke6 35. Nc6 Ra2 36. Rd2 h5 37. Ke4 f5+ 38. Kf4 Nd5+ 39. Rxd5 Kxd5 40.
Nb4+ Kc4 41. Nxa2 Kb3 42. Nc1+ Kxb2 43. Ne2 Kc2 44. Nd4+ Kxc3 45. Nxb5+ Kc4 46.
Nd6+ Kd5 47. Nf7 Ke6 48. Ng5+ Kf6 49. h4 Kg7 50. Ke5 Kh6 51. Kf6 f4 52. Nf7+
Kh7 53. gxf4 Kg8 54. Kxg6 1-0

[Event "SV Lauf 1-SG Bubenr./Moehrendf. 1"]
[Site "?"]
[Date "2015.02.08"]
[Round "6.5"]
[White "Kretschmer, Wolfgang"]
[Black "Puschak, Oliver"]
[Result "1/2-1/2"]
[WhiteElo "1696"]
[BlackElo "1938"]
[PlyCount "45"]
[EventDate "2015.??.??"]
[WhiteTeam "SG Bubenr./Möhrendf. 1"]
[BlackTeam "SV Lauf 1"]

1. c4 g6 2. Nc3 Bg7 3. g3 Nf6 4. Bg2 O-O 5. Nf3 d6 6. O-O Na6 7. d4 c5 8. d5
Nc7 9. e4 a6 10. a4 Bd7 11. h3 b5 12. axb5 axb5 13. Rxa8 Qxa8 14. cxb5 Nxb5 15.
Re1 Nxc3 16. bxc3 Qa1 17. Qd3 Rb8 18. Bh6 Qa2 19. Bxg7 Kxg7 20. c4 Rb3 21. Qf1
Rc3 22. e5 Ne8 23. Rc1 1/2-1/2

[Event "SV Lauf 1-SG Bubenr./Moehrendf. 1"]
[Site "?"]
[Date "2015.02.08"]
[Round "6.6"]
[White "Scherb, Ansgar"]
[Black "Wiesent, Karl"]
[Result "1-0"]
[WhiteElo "1793"]
[BlackElo "1816"]
[PlyCount "91"]
[EventDate "2015.??.??"]
[WhiteTeam "SV Lauf 1"]
[BlackTeam "SG Bubenr./Möhrendf. 1"]

1. e4 e5 2. Nf3 Nc6 3. d4 exd4 4. c3 dxc3 5. Nxc3 d6 6. Bc4 Be7 7. Qb3 Na5 8.
Bxf7+ Kf8 9. Qa4 c6 10. Bxg8 Rxg8 11. h4 h6 12. e5 d5 13. Qf4+ Ke8 14. Qg3 Be6
15. b3 c5 16. Bd2 Nc6 17. O-O a6 18. Rfd1 d4 19. Ne2 g5 20. hxg5 hxg5 21. Rac1
b6 22. Be1 g4 23. Nd2 Bg5 24. Ne4 Bh4 25. Qh2 Be7 26. Nf4 Kd7 27. Qh6 Bf5 28.
Nf6+ Bxf6 29. exf6 Qf8 30. Qh4 Ne5 31. b4 Rc8 32. Nd5 Rc6 33. Qg3 Qd6 34. Ne7
Rh8 35. Nxc6 Kxc6 36. bxc5 bxc5 37. Qa3 Ra8 38. Bb4 Nd7 39. Qa4+ Kc7 40. Ba5+
Kc8 41. Rxd4 Qxf6 42. Rxd7 Bxd7 43. Rxc5+ Kb8 44. Qxd7 Qa1+ 45. Kh2 g3+ 46.
Kxg3 1-0

[Event "SV Lauf 1-SG Bubenr./Moehrendf. 1"]
[Site "?"]
[Date "2015.02.08"]
[Round "6.7"]
[White "Bobzin, Johannes"]
[Black "Zach, Andreas"]
[Result "1/2-1/2"]
[WhiteElo "1658"]
[BlackElo "1820"]
[PlyCount "32"]
[EventDate "2015.??.??"]
[WhiteTeam "SG Bubenr./Möhrendf. 1"]
[BlackTeam "SV Lauf 1"]

1. e4 d5 2. exd5 Qxd5 3. Nf3 Nf6 4. Nc3 Qd6 5. Bc4 Bg4 6. h3 Bh5 7. g4 Bg6 8.
Nh4 Nbd7 9. Nxg6 hxg6 10. Qf3 c6 11. Bb3 Ne5 12. Qg2 e6 13. d3 Ned7 14. Bg5
Qe5+ 15. Be3 Bc5 16. Kd2 O-O-O 1/2-1/2

[Event "SV Lauf 1-SG Bubenr./Moehrendf. 1"]
[Site "?"]
[Date "2015.02.08"]
[Round "6.8"]
[White "Walter, Manfred"]
[Black "Bittermann, Dieter"]
[Result "1-0"]
[WhiteElo "1661"]
[BlackElo "1504"]
[PlyCount "73"]
[EventDate "2015.??.??"]
[WhiteTeam "SV Lauf 1"]
[BlackTeam "SG Bubenr./Möhrendf. 1"]

1. e4 e5 2. f4 Nc6 3. Nf3 d6 4. Bc4 Bg4 5. O-O Nd4 6. Bxf7+ Kxf7 7. Ng5+ Ke8 8.
Qxg4 Nf6 9. Qd1 h6 10. Nf3 Nc6 11. d3 Be7 12. Nc3 Rf8 13. Nd5 Qd7 14. Nh4 Nxd5
15. exd5 Nd4 16. c3 Nf5 17. Qh5+ Kd8 18. fxe5 Nxh4 19. Rxf8+ Bxf8 20. Qxh4+ Be7
21. Qe4 dxe5 22. Qxe5 Bd6 23. Qe4 Qf7 24. Be3 Kd7 25. Rf1 Qh5 26. Qf5+ Qxf5 27.
Rxf5 Re8 28. Bd4 Re7 29. c4 g5 30. g3 b6 31. Kf2 c6 32. dxc6+ Kxc6 33. Rf6 Rd7
34. Be5 Kc7 35. Bxd6+ Rxd6 36. Rxd6 Kxd6 37. d4 1-0

[Event "SC NT Nuernberg 4-SG Kirchehren./Eberm."]
[Site "?"]
[Date "2015.03.08"]
[Round "7.1"]
[White "Kuhmann, Peter"]
[Black "Haubold, Martin"]
[Result "0-1"]
[WhiteElo "1843"]
[BlackElo "2017"]
[PlyCount "84"]
[EventDate "2015.??.??"]
[WhiteTeam "SG Kirchehren./Eberm. 1"]
[BlackTeam "SC NT Nürnberg 4"]

1. f4 d5 2. Nf3 Nf6 3. e3 g6 4. Be2 Bg7 5. b3 O-O 6. Bb2 b6 7. c4 dxc4 8. Bxc4
c5 9. Nc3 Bb7 10. O-O Nbd7 11. Qc2 a6 12. Rae1 b5 13. Be2 Rc8 14. Ne5 Nxe5 15.
fxe5 Nd7 16. e6 fxe6 17. Bg4 Qb6 18. Ne2 Ne5 19. Bh3 g5 20. Bxe5 Bxe5 21. Qd1
Qd6 22. Ng3 Bxg3 23. hxg3 Qxg3 24. Bxe6+ Kg7 25. e4 Rcd8 26. Qa1+ Kh6 27. Re3
Rxf1+ 28. Qxf1 Qf4 29. Rf3 Qxe4 30. Rh3+ Kg7 31. Re3 Rf8 32. Qe2 Qb1+ 33. Kh2
Qf1 34. Bg4 Qf4+ 35. Kg1 Qd4 36. Kh2 Qd6+ 37. Kh1 Kf7 38. Bh5+ Kf6 39. Bg4 e5
40. Rh3 Kg7 41. d3 Rf4 42. Re3 Qf6 0-1

[Event "SC NT Nuernberg 4-SG Kirchehren./Eberm."]
[Site "?"]
[Date "2015.03.08"]
[Round "7.2"]
[White "Krauss, Hermann"]
[Black "Pokorny, Klaus"]
[Result "1-0"]
[WhiteElo "1982"]
[BlackElo "1736"]
[PlyCount "59"]
[EventDate "2015.??.??"]
[WhiteTeam "SC NT Nürnberg 4"]
[BlackTeam "SG Kirchehren./Eberm. 1"]

1. c4 Nf6 2. Nf3 g6 3. b3 Bg7 4. Bb2 O-O 5. g3 c5 6. d4 cxd4 7. Nxd4 Nc6 8. Bg2
Nxd4 9. Qxd4 Nh5 10. Qd2 Bxb2 11. Qxb2 Rb8 12. Nc3 b6 13. O-O Bb7 14. Bxb7 Rxb7
15. Nd5 e6 16. Nc3 Qe7 17. Rfd1 f5 18. e3 g5 19. f4 gxf4 20. exf4 Rf7 21. Nb5
Rg7 22. Kh1 Qc5 23. Qg2 d5 24. Qf3 Rg4 25. Nd4 Qc8 26. cxd5 Rbg7 27. Rac1 Qe8
28. Rg1 exd5 29. Nxf5 R7g6 30. Rc8 1-0